I have heard the rainbow / (Record no. 5153)

MARC details
000 -LEADER
fixed length control field 00616nam a2200229 i 4500
001 - CONTROL NUMBER
control field 2217657
003 - CONTROL NUMBER IDENTIFIER
control field GBCCL
005 - DATE AND TIME OF LATEST TRANSACTION
control field 20241126110534.0
008 - FIXED-LENGTH DATA ELEMENTS--GENERAL INFORMATION
fixed length control field 760922s1976 tnu 000 0 eng
010 ## -
-- 75039141
020 ## - INTERNATIONAL STANDARD BOOK NUMBER
International Standard Book Number 0805451422
040 ## - CATALOGING SOURCE
Original cataloging agency DLC
Transcribing agency DLC
Modifying agency DLC
050 00 -
-- BV4832.2
-- .F36
082 00 - DEWEY DECIMAL CLASSIFICATION NUMBER
Classification number 242
Item number FAN
100 1# - MAIN ENTRY--PERSONAL NAME
Personal name Fancher, 'Wilda.
9 (RLIN) 9286
245 10 - TITLE STATEMENT
Title I have heard the rainbow /
Statement of responsibility, etc. 'Wilda Fancher.
260 ## - PUBLICATION, DISTRIBUTION, ETC.
Place of publication, distribution, etc. Nashville :
Name of publisher, distributor, etc. Broadman Press,
Date of publication, distribution, etc. c1976.
300 ## - PHYSICAL DESCRIPTION
Extent 128 p. ;
Dimensions 20 cm.
650 #0 - SUBJECT ADDED ENTRY--TOPICAL TERM
Topical term or geographic name entry element Meditations.
9 (RLIN) 1412
906 ## - LOCAL DATA ELEMENT F, LDF (RLIN)
a 7
b cbc
c orignew
d 2
e ocip
f 19
g y-gencatlg
942 ## - ADDED ENTRY ELEMENTS (KOHA)
Source of classification or shelving scheme Dewey Decimal Classification
Koha item type Books
Holdings
Withdrawn status Lost status Source of classification or shelving scheme Damaged status Not for loan Home library Current Library Shelving location Date acquired Total checkouts Full call number Barcode Date last seen Copy number Price effective from Koha item type
    Dewey Decimal Classification     GRACE BIBLE COLLEGE GRACE BIBLE COLLEGE Ministry & Mission 2018-02-28   242 FAN 008196 2025-05-01 c.1 2018-02-28 Books
© Grace Bible College Library 2025